Gminy powiatu puławskiego - Statystyki

Ogólne statystyki
  • Ten quiz został rozwiązany 79 razy
  • Średni wynik to 8 z 11
Statystyki odpowiedzi
Hint Odpowiedź % Poprawnych
gmina miejska Puławy
98%
gmina wiejska Puławy
98%
gmina miejsko-wiejska Kazimierz Dolny
81%
gmina miejsko-wiejska Końskowola
77%
gmina miejsko-wiejska Kurów
70%
gmina wiejska Żyrzyn
68%
gmina miejsko-wiejska Nałęczów
67%
gmina wiejska Janowiec
63%
gmina miejsko-wiejska Wąwolnica
54%
gmina wiejska Baranów
53%
gmina wiejska Markuszów
40%
Nie znaleziono quizów pasujących do podanych kryteriów
Rozkład punktacji
Procent ludzi z każdym wynikiem
Percentyl według liczby udzielonych odpowiedzi
Twoja historia wyników
Nie rozwiązałeś tego quizu